000 01247cam a22003497a 4500
003 CHAP
005 20220329140837.0
008 971013s1969 r 00010 d
010 _a58485
011 _a59457
035 _a63615
040 _cCHAP
082 _a634.9745
_bS87Y
100 0 0 _aSurre, Christian.
_9110775
245 1 3 _aLa palmera de aceite
260 _aBarcelona :
_bBlume,
_c1969
300 _a231 p.
_b: ilus. ; láms.
490 0 _aColección agricultura especializada
590 _aBATCH-UPD
_b10
_c20130110
_lUCH01
_h0815
590 _aBATCH-UPD
_b10
_c20130410
_lUCH01
_h0451
590 _aBATCH-UPD
_b10
_c20130914
_lUCH01
_h1255
590 _aCONVERSION
_b10
_c20130109
_lUCH01
_h1331
650 1 4 _aElaius guineensis.
_936180
700 0 _aZiller, Robert.
_9124023
830 0 _aColección agricultura especializada
_924681
901 _aBK
942 _cLIBRO
949 _a634.9745 S87Y
_bBC
_cLIBRO
_d-136769
_eLIBRO
_fc.3
_h39302
_i63615
_si
_t324.00
949 _a634.9745 S87Y
_bBC
_cLIBRO
_d33724000245338
_eLIBRO
_fc.4
_h39303
_i63615
_si
_t324.00
949 _a634.9745 S87Y
_bBC
_cLIBRO
_d33724000245346
_eLIBRO
_h28631
_i63615
_si
_t324.00
949 _a634.9745 S87Y
_bBC
_cLIBRO
_d33724000245452
_eLIBRO
_fc.2
_h35610
_i63615
_si
_t324.00
999 _c58485
_d58485